Termes utilisés au rugby - Mort Subite#1 - Statistiques

Statistiques générales
  • Ce quiz a été pris 281 fois
  • Le résultat moyen est 8 sur 10
Answers on the Grid
Answers color-coded by a green-red scale on the quiz's grid according to % correct below.
Essai de pénalité
Pénalité d'essai
Mêlée
Turning
Tablier
Pilier
Talonneur
En-but
Trois-quarts centre
Attaquant droit
Chistera
Gardien
Tampon
Clamber
Mouchart
Cravate
Faisan
Démêlée
Haka
Stuppe
 
Statistiques - réponses
Réponse % Correct
Mêlée
95%
Talonneur
91%
Essai de pénalité
88%
Pilier
88%
Haka
85%
Tampon
85%
En-but
82%
Trois-quarts centre
82%
Chistera
78%
Cravate
75%
Aucun quiz correspondant
Distribution des résultats
% des personnes avec chaque résultat
Percentile par nombre de réponses
Votre historique - résultats
Vous n’avez pas pris ce quiz